000 00366nam a2200133Ia 4500
005 20260328101528.0
008 260328s9999||||xx |||||||||||||| ||und||
100 _aStierlin, Henri
245 0 _aLos Mayas :
_b Palacios y Pirámides de La Selva Virgen /
_cHenri Stierlin
260 _bTaschen
300 _a237 p.
650 _aARQUITECTURA MESOAMÉRICANA
942 _cBK
999 _c9856
_d9856